000
00313nam a2200109 a 4500
008
101209s1962|||| d
245
1
0
_a
Sborník slovenského národného múzea
_b
Etnografia 3
260
_b
Stredoslovenské vydavateľstvo
_a
Banská Bystrica
_c
1962
020
_c
21
044
_a
xo
_c
SK
041
_a
slo
999
_c
14983
_d
14983